000 00266nam a22001217a 4500
008 170127b xxu||||| |||| 00| 0 eng d
041 _aeng
080 _a61
100 _a3
101 _aSHM
245 _aTHE JOHNS HOPKINS MEDICAL BOOK
_cHOPKINS, J
942 _2udc
_cBK
999 _c3927
_d3927